000 00476nam a2200181Ia 4500
008 240925s9999 xx 000 0 und d
020 _a70841942
082 _a621.381 ALL
100 _aAllison, John
245 0 _aElectronic Engineering Semiconductors and Devices
250 _a2nd
260 _aLondon:
_bMcGraw-Hill
_c,1990.
300 _axii,209p.
_bNA
_fOriginal
500 _aIncludes Index
600 _aElectronic Engineering
650 _aTechnology
942 _cBK
999 _c3998
_d3998